Państwa najbliżej Azerbejdżanu - sprint jednominutowy - Statystyki

Ogólne statystyki
  • Ten quiz został rozwiązany 67 razy
  • Średni wynik to 12 z 20
Statystyki odpowiedzi
km Państwo % Poprawnych
0 Rosja
97%
0 Gruzja
95%
0 Armenia
90%
211 Irak
88%
0 Iran
88%
0 Turcja
88%
221 Kazachstan
80%
329 Syria
71%
177 Turkmenistan
66%
466 Uzbekistan
63%
926 Arabia Saudyjska
56%
1 085 Izrael
56%
952 Ukraina
54%
864 Jordania
47%
1 149 Afganistan
46%
936 Liban
44%
976 Kuwejt
36%
1 373 Bułgaria
29%
1 324 Mołdawia
27%
1 026 Cypr
24%
Nie znaleziono quizów pasujących do podanych kryteriów
Rozkład punktacji
Procent ludzi z każdym wynikiem
Percentyl według liczby udzielonych odpowiedzi
Twoja historia wyników
Nie rozwiązałeś tego quizu